000 00203 a2200097 4500
001 35141
100 _aS I D
245 _aBhattu Say Bhattu Tak
260 _aLahore
_bJang Pub
_c
090 _c23285
_d23285
942 _aNUST-CAE
_cM
_c14764
999 _c270214
_d270214